Central Library OPAC University of Rajshahi

জন্ম যদি তব বঙ্গে : (Record no. 47718)

MARC details
000 -LEADER
fixed length control field 01173nam a2200241 a 4500
001 - CONTROL NUMBER
control field 47718
003 - CONTROL NUMBER IDENTIFIER
rucl marc code BD-RjUL
005 - DATE AND TIME OF LATEST TRANSACTION
control field 20211209054358.0
008 - FIXED-LENGTH DATA ELEMENTS--GENERAL INFORMATION
fixed length control field 160810s2005 bg ||||| |||| 00| 0 ben d
020 ## - INTERNATIONAL STANDARD BOOK NUMBER
Terms of availability : Tk.200.00
035 ## - SYSTEM CONTROL NUMBER
System control number (BD-RjUL)47837
040 ## - CATALOGING SOURCE
Original cataloging agency BD-RjUL
Language of cataloging ben
Transcribing agency BD-RjUL
Modifying agency BD-RjUL
041 ## - LANGUAGE CODE
Language code of text/sound track or separate title ben
082 ## - DEWEY DECIMAL CLASSIFICATION NUMBER
Edition number 23
Classification number 370.92
Author mark and year JAN 2005
245 01 - TITLE STATEMENT
Title জন্ম যদি তব বঙ্গে :
Remainder of title সারোয়ার জাহান স্মারকগ্রন্থ /
Statement of responsibility, etc. সম্পাদক হাসান আজিজুল হক, সহযোগী সম্পাদক স্বরোচিষ সরকার
260 ## - PUBLICATION, DISTRIBUTION, ETC. (IMPRINT)
Place of publication, distribution, etc. রাজশাহী :
Name of publisher, distributor, etc. সারোয়ার জাহান স্মৃতি সংসদ,
Date of publication, distribution, etc. ২০০৫
300 ## - PHYSICAL DESCRIPTION
Pagination ৪৩১ পৃ. :
Illustrations চিত্র ;
Size ২৪ সেমি.
650 ## - SUBJECT ADDED ENTRY--TOPICAL TERM
Topical term or geographic name as entry element শিক্ষাবিদ
Form subdivision জীবনী
9 (RLIN) 135976
Topical term or geographic name as entry element Educators
Form subdivision Biography
9 (RLIN) 144912
700 ## - ADDED ENTRY--PERSONAL NAME
Personal name হক, হাসান আজিজুল সম্পাদক
Personal name সরকার, স্বরোচিষ সহযোগী সম্পাদক
942 ## - ADDED ENTRY ELEMENTS (KOHA)
Source of classification or shelving scheme Dewey Decimal Classification
Koha item type Books
Holdings
Lost status Source of classification or shelving scheme Damaged status Not for loan Collection code Permanent Location Current Location Shelving location Date acquired Source of acquisition Cost, normal purchase price Total Checkouts Full call number Date last seen Copy number Koha item type
  Dewey Decimal Classification     Non-fiction Central Library, University of Rajshahi Central Library, University of Rajshahi   05/06/2006 Ass. Prof. IBS, R.U. 200.00   B 370.92 JAN 2005 10/08/2016 C-2 Books
  Dewey Decimal Classification     Non-fiction Central Library, University of Rajshahi Central Library, University of Rajshahi   05/06/2006 Ass. Prof. IBS, R.U. 200.00   B 370.92 JAN 2005 10/08/2016 C-3 Books
  Dewey Decimal Classification     Non-fiction Central Library, University of Rajshahi Central Library, University of Rajshahi   05/06/2006 Ass. Prof. IBS, R.U. 200.00   B 370.92 JAN 2005 10/08/2016 C-4 Books
  Dewey Decimal Classification     Non-fiction Central Library, University of Rajshahi Central Library, University of Rajshahi   05/06/2006 Ass. Prof. IBS, R.U. 200.00   B 370.92 JAN 2005 10/08/2016 C-5 Books
  Dewey Decimal Classification     Non-fiction Central Library, University of Rajshahi Central Library, University of Rajshahi   05/06/2006 Ass. Prof. IBS, R.U. 200.00   B 370.92 JAN 2005 29/12/2016 C-6 Books